Longest Winning Streaks in Tennis - Statistics

General Stats
  • This quiz has been taken 3,118 times
  • The average score is 7 of 10
Answer Stats
Winning Streak Player % Correct
41 Roger Federer
99%
35 Roger Federer
99%
32 Rafael Nadal
98%
43 Novak Djokovic
95%
43 Björn Borg
79%
38 Björn Borg
79%
42 John McEnroe
78%
44 Ivan Lendl
67%
46 Guillermo Vilas
29%
35 Thomas Muster
18%
No matching quizzes found
Score Distribution
Percent of People with Each Score
Percentile by Number Answered
Your Score History
You have not taken this quiz